000
00259nam a22001217a 4500
082
_a
823
_b
UNK/T
100
_a
UNKNOWN
245
_a
TOY STORY - 2
260
_a
BOMBAY
_b
EGMONT PUBLICATIONS
_c
2000
300
_a
48
650
_a
ENGLISH STORY
_z
INDIA
942
_c
BK
999
_c
7442
_d
7442